000 00389nam a22001577a 4500
003 OSt
005 20220325085719.0
008 220325b |||||||| |||| 00| 0 eng d
020 _a0851996655
040 _cHU
082 _a910.285 ELA 2006
100 _aElangovan
_934018
245 _aGIS Fundamentals, Applications and Implementations
300 _a208p
_c23cm
942 _2ddc
_cBOOKS
_n0
999 _c33553
_d33553